Normal view
MARC view
- Emigration and immigration
Entry Topical Term
001 - CONTROL NUMBER
- control field: 27037
003 - CONTROL NUMBER IDENTIFIER
- control field: NUST
005 - DATE AND TIME OF LATEST TRANSACTION
- control field: 20191216143435.0
008 - FIXED-LENGTH DATA ELEMENTS
- fixed length control field: 191216|| aca||aabn | a|a d
040 ## - CATALOGING SOURCE
- Original cataloging agency: NUST
- Transcribing agency: NUST
150 ## - HEADING--TOPICAL TERM
- Topical term or geographic name entry element: Emigration and immigration
670 ## - SOURCE DATA FOUND
- Source citation: Work cat.: (NUST)533230: Bailey, Rayna. 27028, Immigration and migration /, 2010.
